Pozdrav z Oravy Námestovo : Oravská priehrada

Zobrazenie:

Bibliographic Details
Other Authors: Tarábek, Ján, 1978- (Photographer)
Format: Photo
Language:Slovak
PhysicalDescription:1 pohľadnica (5 čiastkových pohľadov) farebná 11 x 15 cm
Published: [Nitra] FOTAR [1998?]
Subjects:

MARC

LEADER 00000ckm a2200000 a 4500
001 vtls001322008
003 SK-MaSNL
005 20260331203650.0
007 kf co
008 200701q1998 xo g 0kuslo
015 |a SNBG1999/01-00132 
035 |a SNK000274679 
040 |a SNK  |b slo  |c SNK  |e AACR2 
041 0 |a slo 
043 |a e-xo--- 
044 |a xo  |c SK 
072 7 |a 913  |x Regionálna geografia  |2 konspekt 
080 |a 913(437.6)  |2 2011 
080 |a 908(437.6)  |2 2011 
080 |a (084.121)  |2 2011 
080 |a 908.437.646(084.121)  |2 1981 
100 1 |a Tarábek, Ján,  |d 1978-  |4 pht  |9 178454 
245 1 0 |a Pozdrav z Oravy  |h grafika  |b Námestovo : Oravská priehrada  |c foto Ján Tarábek 
246 1 |i Názov na obrazovej časti:  |a Pozdrav z Oravy 
260 |a [Nitra]  |b FOTAR  |c [1998?]  |e Skalica  |f Grafobal 
300 |a 1 pohľadnica (5 čiastkových pohľadov)  |b farebná  |c 11 x 15 cm 
500 |a Na adresnej časti uvedené: "FOTO © Ing. Ján Tarábek" 
500 |a Rok vydania určený na základe prírastkového čísla 
500 |a Na adresnej časti uvedené: "FOMEI foto video audio", adresa, telefónne číslo a fax 
520 8 |a Zobrazenie: 
651 7 |a Orava (Slovensko : región)  |2 SNKPHgeo  |9 116635 
655 7 |a geografické pohľadnice  |2 SNKPH  |9 70522 
655 7 |a miestne pohľadnice  |2 SNKPH  |9 70510 
958 |a GBN 
958 |a GC 
958 |a OND 
999 |c 545202  |d 547132 
952 |t P60, <03>, [BOOK], {603}  |a SNK  |b SNK  |y PREZ  |7 0  |p 17A1408181  |o snkSP 148343  |i snkPV 302/98  |0 0  |1 0  |4 0  |d 1998-02-23  |l 0  |r 2005-01-02 00:00:00  |w 2026-02-23 
952 |t P60, <04>, [BOOK], {604}  |a SNK  |b SNK  |y PREZ  |7 0  |p 17A1407643  |o snkSP 148343 D1  |i snkPV 303/98  |0 0  |1 0  |4 0  |d 1998-02-23  |l 0  |r 2005-01-02 00:00:00  |w 2026-02-23